WordPerfect for DOS : (Record no. 548236)

000 -LEADER
fixed length control field 00643cam a2200181 a 4500
082 00 - DEWEY DECIMAL CLASSIFICATION NUMBER
Classification number 652.5
Author Mark WOR
245 00 - TITLE STATEMENT
Title WordPerfect for DOS :
Remainder of title workbook for IBM personal computers and PC networks.
260 ## - PUBLICATION, DISTRIBUTION, ETC.
Place of publication, distribution, etc. Orem, Utah, U.S.A. (1555 N. Technology Way, Orem 84057) :
Name of publisher, distributor, etc. WordPerfect Corp.,
Date of publication, distribution, etc. c1989.
300 ## - PHYSICAL DESCRIPTION
Extent 482 p. :
Other physical details col. ill. ;
Dimensions 23 cm.
500 ## - GENERAL NOTE
General note Includes index.
500 ## - GENERAL NOTE
General note Spine title: WordPerfect.
526 ## - STUDY PROGRAM INFORMATION NOTE
Program name 0
Interest level 0
Reading level 0
Title point value 652_500000000000000_WOR
650 #0 - SUBJECT ADDED ENTRY--TOPICAL TERM
Topical term or geographic name entry element IBM Personal Computer
General subdivision Programming.
9 (RLIN) 36814
650 #0 - SUBJECT ADDED ENTRY--TOPICAL TERM
Topical term or geographic name entry element MCE
9 (RLIN) 379
650 #0 - SUBJECT ADDED ENTRY--TOPICAL TERM
Topical term or geographic name entry element Word processing.
9 (RLIN) 36793
710 2# - ADDED ENTRY--CORPORATE NAME
Corporate name or jurisdiction name as entry element WordPerfect Corporation.
9 (RLIN) 44450
942 ## - ADDED ENTRY ELEMENTS (KOHA)
Source of classification or shelving scheme
Koha item type Book
Holdings
Withdrawn status Lost status Source of classification or shelving scheme Damaged status Not for loan Permanent Location Current Location Date acquired Total Checkouts Full call number Barcode Date last seen Price effective from Koha item type
          Military College of Engineering (MCE) Military College of Engineering (MCE) 08/25/2014   652.5 WOR MCE-29807 08/25/2014 08/25/2014 Book
© 2023 Central Library, National University of Sciences and Technology. All Rights Reserved.